|
|
|
|
| LEADER |
00000nam0a2200000 4500 |
| 001 |
362196 |
| 005 |
20240823115458.0 |
| 035 |
|
|
|a (RuTPU)RU\TPU\retro\19542
|
| 090 |
|
|
|a 362196
|
| 100 |
|
|
|a 20210719d18 km y0frey50 ba
|
| 101 |
0 |
|
|a fre
|
| 102 |
|
|
|a BE
|a FR
|
| 105 |
|
|
|a af z 000zy
|
| 181 |
|
0 |
|b e
|
| 182 |
|
0 |
|a n
|
| 183 |
|
0 |
|a nc
|2 RDAcarrier
|
| 200 |
1 |
|
|a Nouveau procede simple, rapide et peu couteux de dosage direct du sucre contenu dans la betterave, la canne, la bagasse, la sorgho, etc.
|e analyse des porte-graines precede de l'examen des divers procedes de dosage du sucre dans la betterave
|f H. Pellet
|
| 210 |
|
|
|a Bruxelles
|c De la Sucrerie Belge
|a Paris
|c Du Journal des fabricants de sucre
|d [18??]
|
| 215 |
|
|
|a 57 p.
|c il., 1 pl.
|
| 283 |
|
|
|a volume
|
| 300 |
|
|
|a В описании используется грамматика 19 века
|
| 316 |
|
|
|5 63413507: 13703
|a Владельческий переплет
|
| 316 |
|
|
|5 63413507: 13703
|a На с. 60 владельческая надпись: "E. Z."
|
| 317 |
|
|
|5 63413507: 13703
|a Поступил в НТБ в 1914 г. в дар от первого директора ТТИ профессора Е. Л. Зубашева
|
| 320 |
|
|
|a Bibliographie en references
|
| 541 |
1 |
|
|a Новый простой, быстрый и недорогой способ определения количества сахара, содержащегося в свекле, тростнике, жмыхе, сорго и т. д.
|z rus
|
| 606 |
1 |
|
|a Жом свекловичный
|x Сахарное производство
|2 stltpush
|3 (RuTPU)RU\TPU\subj\33649
|9 55825
|
| 610 |
1 |
|
|a Коллекция Е. Л. Зубашева
|
| 610 |
1 |
|
|a дары библиотеке
|
| 610 |
1 |
|
|a владельческие знаки
|
| 610 |
1 |
|
|a владельческие надписи
|
| 610 |
1 |
|
|a сахарная свекла
|
| 610 |
1 |
|
|a сахар
|
| 610 |
1 |
|
|a количество
|
| 610 |
1 |
|
|a семена
|
| 610 |
1 |
|
|a анализ
|
| 610 |
1 |
|
|a методы измерения
|
| 610 |
1 |
|
|a французский язык
|
| 675 |
|
|
|a 664
|v 4
|
| 700 |
|
1 |
|a Pellet
|b H.
|
| 801 |
|
1 |
|a RU
|b 63413507
|c 20210719
|
| 801 |
|
2 |
|a RU
|b 63413507
|c 20210720
|g RCR
|
| 942 |
|
|
|c BK
|